|
|
|
|
| LEADER |
00000cam a2200000 a 4500 |
| 001 |
vtls010534944 |
| 003 |
SK-MaSNL |
| 005 |
20260301214725.0 |
| 008 |
240313s2013 xo ao b 000 0 slo |
| 015 |
|
|
|a SNBA2013/10
|
| 020 |
|
|
|a 9788010024865
|q (brož.)
|
| 035 |
|
|
|a A75DAB36-2E95-4704-B168-95A9CE956646
|
| 035 |
|
|
|a urn:nbn:sk:snk-amjyu6
|
| 035 |
|
|
|a urn:nbn:sk:snk-am007wpq
|
| 040 |
|
|
|a SNK
|b slo
|c SNK
|e AACR2
|
| 041 |
0 |
|
|a slo
|
| 044 |
|
|
|a xo
|c SK
|
| 072 |
|
7 |
|a 57
|x Všeobecná biológia
|2 konspekt
|
| 072 |
|
7 |
|a 373.2/.3
|x Predškolská a primárna výchova a vzdelávanie
|2 konspekt
|
| 080 |
|
|
|a 57.081.1
|2 2001
|
| 080 |
|
|
|a (075.2)
|2 2001
|
| 100 |
1 |
|
|a Wiegerová, Adriana,
|d 1969-
|4 aut
|9 11951
|
| 245 |
1 |
0 |
|a Prírodoveda pre 1. ročník základnej školy
|c Adriana Wiegerová, Gabriela Česlová ; [ilustrácie: Miroslav Regitko, Ivan Kostroň, Dušan Blažek]
|
| 250 |
|
|
|a 6. vyd.
|
| 260 |
|
|
|a Bratislava
|b Slovenské pedagogické nakladateľstvo
|c 2013
|
| 300 |
|
|
|a [50] s.
|b fareb. fotogr. a ilustr.
|c 30 cm
|
| 650 |
0 |
7 |
|a prírodoveda
|2 SNKPH
|9 3960
|
| 650 |
0 |
7 |
|a Natural history
|2 SNKPHeng
|9 278510
|
| 655 |
|
7 |
|a učebnice základných škôl
|2 SNKPH
|9 70187
|
| 655 |
|
7 |
|a Textbooks (elementary)
|2 SNKPHeng
|9 276977
|
| 700 |
1 |
|
|a Česlová, Gabriela
|4 aut
|9 118039
|
| 700 |
1 |
|
|a Regitko, Miroslav,
|d 1965-
|4 ill
|9 214883
|
| 700 |
1 |
|
|a Kostroň, Ivan,
|d 1951-
|4 ill
|9 92934
|
| 700 |
1 |
|
|a Blažek, Dušan,
|d 1963-
|4 ill
|9 244759
|
| 852 |
|
|
|a Štátna vedecká knižnica v Banskej Bystrici
|
| 919 |
|
|
|a 978-80-10-02486-5
|
| 999 |
|
|
|c 925721
|d 927651
|
| 952 |
|
|
|a SNK
|b SNK
|y PREZ
|7 0
|p 17A1083347
|o snkSB 85588
|i snk2013/22077
|8 0
|0 0
|1 0
|4 0
|d 2013-09-20
|f 1
|l 0
|r 2025-05-07 00:00:00
|w 2026-02-24
|
| 952 |
|
|
|a SNK
|b SNK
|y VYP
|7 0
|p 17A1083348
|o snkSB 85588 D1
|i snk2013/22079
|8 0
|0 0
|1 0
|4 0
|d 2013-09-20
|l 0
|r 2016-06-30 00:00:00
|w 2026-02-24
|